Outline of the method of conducting a trigonometrical survey, for the formation of geographical and topographical maps and plans (Record no. 114054)

MARC details
000 -LEADER
fixed length control field 00922cam a22002055a 4500
001 - CONTROL NUMBER
control field L156140
008 - FIXED-LENGTH DATA ELEMENTS--GENERAL INFORMATION
fixed length control field 120501s1873 xxk f 000 0 eng d
035 ## - SYSTEM CONTROL NUMBER
System control number (Sirsi) u156140
041 0# - LANGUAGE CODE
Language code of text/sound track or separate title eng
100 1# - MAIN ENTRY--PERSONAL NAME
Personal name Frome, Edward Charles
Dates associated with a name 1802-1890
245 00 - TITLE STATEMENT
Title Outline of the method of conducting a trigonometrical survey, for the formation of geographical and topographical maps and plans
Remainder of title military reconnaissance, levelling, etc.; with the most useful problems in geodesy and practical astronomy, and formulae and tables fo facilitating their calculation
250 ## - EDITION STATEMENT
Edition statement 4th ed. rev. and enl. by Captain Charles Warren ...
260 ## - PUBLICATION, DISTRIBUTION, ETC.
Place of publication, distribution, etc. London
Name of publisher, distributor, etc. Lockwood and co.
Date of publication, distribution, etc. 1873
300 ## - PHYSICAL DESCRIPTION
Extent xi, [1], 321 p.
Other physical details plates, maps, diagrs.
Dimensions 23 cm.
583 ## - ACTION NOTE
Action Condition reviewed
Time/date of action 20120620
Status condition level 1
651 #4 - SUBJECT ADDED ENTRY--GEOGRAPHIC NAME
Geographic name Great Britain
Chronological subdivision 1707-
690 ## - LOCAL SUBJECT ADDED ENTRY--TOPICAL TERM (OCLC, RLIN)
Topical term or geographic name as entry element Measurement
9 (RLIN) 6256
700 1# - ADDED ENTRY--PERSONAL NAME
Personal name Warren, Charles
Titles and other words associated with a name Sir
Dates associated with a name 1840-1927
942 ## - ADDED ENTRY ELEMENTS (KOHA)
Suppress in OPAC 0
Holdings
Withdrawn status Lost status Source of classification or shelving scheme Damaged status Not for loan Home library Current library Shelving location Date acquired Total Checkouts Full call number Barcode Date last seen Copy number Price effective from Koha item type
    Dewey Decimal Classification     Historic collection Historic collection Historic collection 01/05/2012   QUARTO 1873 FROME 30078006 06/08/2019 1 06/08/2019 Book